[Event "FRA-chT4 0001"]
[Site "Bretagne"]
[Date "2000.10.15"]
[Round "1"]
[White "Meneger, C."]
[Black "Michel, Fabien"]
[Result "1/2-1/2"]
[WhiteElo "1700"]
[BlackElo "1730"]
[PlyCount "78"]
[EventDate "2000.10.??"]
[EventType "team-tourn"]
[EventRounds "7"]
[EventCountry "FRA"]
[SourceTitle "EXT 2005"]
[Source "ChessBase"]
[SourceDate "2004.11.15"]
[SourceVersion "1"]
[SourceVersionDate "2004.11.15"]
[SourceQuality "1"]

1. c4 g6 2. e4 Bg7 3. d4 d6 4. Nc3 Nf6 5. Bg5 0-0 6. Nf3 h6 7. Bd2 e5 8. d5 Nh5 9. Be2 f5 10. g3 Nf6 11. Qc2 fxe4 12. Nh4 g5 13. Ng2 Bf5 14. Ne3 Qd7 15. 0-0-0 a5 16. Nxf5 Qxf5 17. f3 Na6 18. Nxe4 Nxe4 19. Qxe4 Qxe4 20. fxe4 Nc5 21. Rhf1 Nxe4 22. Rxf8+ Bxf8 23. Rf1 Bg7 24. Bg4 Nc5 25. Be3 Rf8 26. Rxf8+ Kxf8 27. Bxc5 dxc5 28. Kc2 e4 29. b3 e3 30. Kd3 Bd4 31. Ke4 Ke7 32. Kf5 Kf7 33. Bh5+ Ke7 34. Kg6 Kd6 35. Kxh6 Bf6 36. Kg6 Ke5 37. Be2 Bd8 38. Kf7 Bf6 39. Bd1 Kd6 1/2-1/2